| 000 | 01012nam a2200217 a 4500 | ||
|---|---|---|---|
| 008 | 100119s2001 ||||||||||||||||| || u | ||
| 020 | _a0750648465 | ||
| 050 | _aTH 5667 Bla | ||
| 100 | _aBlanc, Sylvia | ||
| 245 | 1 | 0 |
_aStairs. (2nd ed.) _cAlan Blanc; Sylvia Blanc |
| 250 | _a2nd ed. | ||
| 260 |
_aOxford: _bAchitectural Press _c2001 |
||
| 300 | _avi, 232p.: ill. | ||
| 350 | _a0.00 | ||
| 650 | _aSTAIRCASES | ||
| 650 | _aARCHITECTURAL DESIGN--EVALUATION | ||
| 700 | _aBlanc, Alan | ||
| 995 |
_aMAIN LIBRARY OPEN ACCESS _D0.00 _e740542 _FCBU-MAIN LIBRARY (Kitwe) _H1 _I0.00 _jTH 5667 Bla _M1 _UAVAILABLE _WMar 11, 2010 _y740542 _ZMain Library Open Access Collection |
||
| 995 |
_aMAIN LIBRARY OPEN ACCESS _D0.00 _e743022 _FCBU-MAIN LIBRARY (Kitwe) _H1 _I0.00 _jTH 5667 Bla _M3 _UAVAILABLE _WMar 26, 2012 _y743022 _ZMain Library Open Access Collection |
||
| 995 |
_aMAIN LIBRARY OPEN ACCESS _D0.00 _e742050 _FCBU-MAIN LIBRARY (Kitwe) _H1 _I0.00 _jTH 5667 Bla _M2 _UAVAILABLE _WNov 24, 2010 _y742050 _ZMain Library Open Access Collection |
||
| 999 |
_c76731 _d76731 |
||